Nuestro Campeche fué y es así -- / (Record no. 41794)
[ view plain ]
| 000 -CABECERA | |
|---|---|
| campo de control de longitud fija | 00518nam a2200169 a 4500 |
| 005 - FECHA Y HORA DE LA ÚLTIMA TRANSACCIÓN | |
| campo de control | 20230510063519.0 |
| 008 - ELEMENTOS DE LONGITUD FIJA--INFORMACIÓN GENERAL | |
| campo de control de longitud fija | 991125s1970 mx 000 0 spa u |
| 035 ## - NÚMERO DE CONTROL DEL SISTEMA | |
| Número de control de sistema | UPN01000041794 |
| 049 ## - COLECCIÓN | |
| Colección | CG |
| 050 #4 - SIGNATURA TOPOGRÁFICA DE LA BIBLIOTECA DEL CONGRESO | |
| Número de clasificación | F1251 |
| Número de documento/Ítem | C3.5 |
| 100 1# - ASIENTO PRINCIPAL--NOMBRE PERSONAL | |
| Nombre de persona | Cabrera de Rodríguez, Socorro |
| 245 10 - MENCIÓN DE TÍTULO | |
| Título | Nuestro Campeche fué y es así -- / |
| Mención de responsabilidad, etc. | Socorro Cabrera de Rodríguez. |
| 260 ## - PUBLICACIÓN, DISTRIBUCIÓN, ETC. | |
| Lugar de publicación, distribución, etc. | Campeche : |
| Nombre del editor, distribuidor, etc. | FONAPAS, |
| Fecha de publicación, distribución, etc. | [197-?]. |
| 300 ## - DESCRIPCIÓN FÍSICA | |
| Extensión | 78 p. : |
| Otras características físicas | il. (algunas col.) |
| 651 #7 - ASIENTO SECUNDARIO DE MATERIA - NOMBRE GEOGRAFICO | |
| Nombre geográfico | Campeche |
| Subdivisión general | Descripción y viajes |
| Fuente del encabezamiento o término | |
| 9 (RLIN) | 5177 |
| 905 ## - TIPO DE MATERIAL | |
| Tipo de material | Libro |
| Estado de retiro | Estado de pérdida | Fuente del sistema de clasificación o colocación | Estado dañado | No para préstamo | Código de colección | Localización permanente | Ubicación/localización actual | Ubicación en estantería | Total de préstamos | Clasificación | Código de barras | Fecha visto por última vez | Número de copia | Tipo de ítem Koha |
|---|---|---|---|---|---|---|---|---|---|---|---|---|---|---|
| Library of Congress Classification | Colección General | Bib. Gregorio Torres Quintero | Bib. Gregorio Torres Quintero | Planta baja | F1251 C3.5 | 30274 | 31/12/2020 | 1 | Libro |
